000 00702nam a22002177a 4500
003 UA-OsUOA
001 96390
007 ta
008 20130319b un ||||| |||| 00| 0 ukr d
100 _aДругопольський О.В.
090 _a330
_bД76
942 _cSA
040 _aUA-OsUOA
_bukr
_cUA-OsUOA
_dUA-OsUOA
245 _aПублічні фінанси за умов фінансово-економічної кризи та тарнсформації світової економіки
300 _aС.106-122
955 _a0
041 _aukr
080 _a330
773 0 _w96383
_tФінанси України
_dК.
_d2012
_g8
650 7 _a330 Економіка взагалі
_2UDC
999 _c382650
_d382650